000 00945nam a2200277 i 4500
001 6300
003 ES-MaACL
005 20250801145852.0
008 890920s1989 sp |||| | spa d
020 _a84-7658-177-7
080 _a8.015.16
080 _a8.09(04)"18"
100 1 _aPardo Bazán, Emilia,
_cCondesa de,
_d1851-1921
_9176434
245 1 3 _aLa cuestión palpitante /
_cEmilia Pardo Bazán ; edición, estudio introductorio, notas y apéndice de José Manuel González Herrán.
250 _a1ª ed.
260 _aBarcelona :
_bAnthropos,
_c1989.
300 _a398 p. ;
_c20 cm.
490 1 _aAutores, textos y temas. Literatura ;
_v6
504 _aBibliografía: p. 89-103.
650 0 7 _aNaturalismo (Literatura)
_2embne
_915490
700 1 _aGonzález Herrán, José Manuel.
_958708
830 0 _aAutores, textos y temas. Literatura ;
_v6
_9177410
852 _aES-MaACL
_jL-13431
942 _2udc
999 _c6300
_d6300